00706nam a22002417a 4500001000500000005001700005020001800022040003000040050001400070082001500084100002100099245006300120260003400183300003500217505000600252520010900258521001600367521001600383650001100399650001300410650001100423700003000434206520231103101646.0 a9780545591362 aFISKHbeng cFISKHdFISKH aGV942.P42 a796.334092 aCanizares, Susan aPele /bThe king of soccercSusan Canizares Samatha Berger aNew York :bScholastic,c2013 c19 x 21a14 unnumbered pages : aE aSimple text and photographs present the accomplishments of Pele, who has been called the king of soccer. a200bLexile aEbRaz-Plus aSoccer aFootball aSports aBerger, SamantacCoauthor